000
00331nam a2200157Ia 4500
100
_a
Mehta/V.K/ Mehta/ R
650
_a
ELECTRONICS
942
_c
BK
366
_f
20
245
_a
Principles of Electronics
260
_b
S.Chand
_c
1980
082
_a
621.3
_b
MEH
300
_a
778
546
_a
ENGLISH
_c
PAMPHALETS
999
_c
28476
_d
28476